Algèbres et modules : cours et exercises /

Guardado en:
Autor Principal: Assem, Ibrahim.
Formato: Libro
Idioma:French
Publicado: Ottawa : Presses de l'Université d'Ottawa, 1997.
Series:Enseignement des mathématiques
Etiquetas: Agregar Etiqueta
Sin Etiquetas, Sea el primero en etiquetar este registro!
LEADER 00756nam a22002175a 4500
001 MAT.inmabb002586
008 050627s1997####xxc######b####001#0#fre#d
005 20130301101548.0
245 1 0 |a Algèbres et modules :  |b cours et exercises /  |c Ibrahim Assem. 
260 |a Ottawa :  |b Presses de l'Université d'Ottawa,  |c 1997. 
300 |a v, 330 p. ;  |c 24 cm. 
440 0 |a Enseignement des mathématiques 
500 |a "Pour les étudiants du 2e cycle universitaire". 
504 |a Bibliografía: p. 325-326. 
500 |a Publicado en colaboración con Masson. 
510 4 |a ZM,  |c Zbl 0896.16001 
020 |a 2760304612 
020 |a 2225831483 (Masson) 
100 1 |a Assem, Ibrahim. 
084 |a 16-01 (16D90 16B50)  |2 msc2000 
859 |h 16  |i As844  |p A-8250  |b BIB. MATEMATICA